Código de ética de los trabajadores sociales en Colombia / (Registro nro. 50170)
[ vista simple ]
| 000 -LEADER | |
|---|---|
| fixed length control field | 01645nam a2200289Ia 4500 |
| 003 - CONTROL NUMBER IDENTIFIER | |
| control field | CO-CtgCURN |
| 005 - DATE AND TIME OF LATEST TRANSACTION | |
| control field | 20251125153412.0 |
| 008 - FIXED-LENGTH DATA ELEMENTS--GENERAL INFORMATION | |
| fixed length control field | 251015s2017 xx 000 0 und d |
| 020 ## - INTERNATIONAL STANDARD BOOK NUMBER | |
| International Standard Book Number | 9789585915107 |
| 040 ## - CATALOGING SOURCE | |
| Original cataloging agency | CO-CtgCURN |
| Language of cataloging | spa |
| Transcribing agency | coctgcurn |
| 082 ## - DEWEY DECIMAL CLASSIFICATION NUMBER | |
| Classification number | R 361.3 |
| Item number | C669 |
| 110 ## - MAIN ENTRY--CORPORATE NAME | |
| Corporate name or jurisdiction name as entry element | Consejo Nacional de Trabajo Social |
| 245 #0 - TITLE STATEMENT | |
| Title | Código de ética de los trabajadores sociales en Colombia / |
| Statement of responsibility, etc. | Consejo Nacional de Trabajo Social |
| 250 ## - EDITION STATEMENT | |
| Edition statement | 1 edición |
| 260 ## - PUBLICATION, DISTRIBUTION, ETC. | |
| Place of publication, distribution, etc. | Bogotá, Colombia : |
| Name of publisher, distributor, etc. | Grupo Editorial Ibañez, |
| Date of publication, distribution, etc. | 2015 |
| 300 ## - PHYSICAL DESCRIPTION | |
| Extent | 56 páginas ; |
| Dimensions | 17 centímetros |
| 500 ## - GENERAL NOTE | |
| General note | Incluye índice |
| 505 ## - FORMATTED CONTENTS NOTE | |
| Formatted contents note | Trabajadores sociales que orientaron el proceso de revisión del código de ética expedido en 2022 -- Trabajadoras sociales que consolidaron la información del proceso de revisión y redactaron el texto final -- Instituciones de educación superior (IES) que participaron en el proceso de revisión -- Otros participantes en el proceso de revisión -- La presidenta del consejo nacional de trabajo social -- Cap. I. Objeto y alcance del código de ética -- Cap. II. Del trabajo social -- Cap. III. De los trabajadores sociales -- Cap. IV -- Principios y valores -- Cap. V. De los compromisos -- Cap. VI. Régimen disciplinario. |
| 521 ## - TARGET AUDIENCE NOTE | |
| Target audience note | AREA PROFESIONAL |
| 590 ## - LOCAL NOTE (RLIN) | |
| Linkage (RLIN) | Programa de Trabajo Social_26 |
| 630 04 - SUBJECT ADDED ENTRY--UNIFORM TITLE | |
| Uniform title | Ley 53 de 1977 |
| Geographic subdivision | Colombia |
| 630 04 - SUBJECT ADDED ENTRY--UNIFORM TITLE | |
| Uniform title | Decreto 2833 de 1981 |
| Geographic subdivision | Colombia |
| 650 ## - SUBJECT ADDED ENTRY--TOPICAL TERM | |
| Topical term or geographic name entry element | Trabajo social como profesión |
| 650 ## - SUBJECT ADDED ENTRY--TOPICAL TERM | |
| Topical term or geographic name entry element | Trabajo social |
| General subdivision | Ética profesional |
| 942 ## - ADDED ENTRY ELEMENTS (KOHA) | |
| Koha item type | Diccionarios |
| Classification part | R 361.3 |
| Item part | C669 |
| Source of classification or shelving scheme | Dewey Decimal Classification |
| Withdrawn status | Lost status | Source of classification or shelving scheme | Damaged status | Not for loan | Collection | Home library | Current library | Shelving location | Date acquired | Cost, normal purchase price | Inventory number | Total checkouts | Full call number | Barcode | Date last seen | Copy number | Price effective from | Koha item type |
|---|---|---|---|---|---|---|---|---|---|---|---|---|---|---|---|---|---|---|
| Dewey Decimal Classification | Referencia | Miguel Henríquez Castañeda Barranquilla | Miguel Henríquez Castañeda Barranquilla | Referencia | 10/15/2025 | 35.00 | 05470 | R 361.3 C669 | 05470 | 10/15/2025 | ej.1 | 10/15/2025 | Diccionarios |